000
00317nam a22001337a 4500
008
170330b xxu||||| |||| 00| 0 eng d
020
_a
0195048814
041
_a
eng
080
_a
616-053.2
100
_a
8
101
_a
SHM
245
_a
SELECTIVE NONTREATMENT OF HANDICAPPED NEWBORNS
_c
WEIR, R
942
_2
udc
_c
BK
999
_c
9129
_d
9129